Quizz pour gamer - 10 min - 50 enigmes - Statistiques

Statistiques générales
  • Ce quiz a été pris 1 043 fois
    1 020 depuis la dernière actualisation
  • Le résultat moyen est 12 sur 50
Statistiques - réponses
Hint Réponse % Correct
ballon - EA fifa
79%
tuyau - tortue mario
71%
$ - crime GTA
69%
gorille - bananes donkey kong
66%
piquant - bleu sonic
53%
enigme - aventuriere tomb raider
53%
briques - emboitement tetris
52%
ver - canon worms
46%
drake - tresor uncharted
43%
dieux - omega god of war
41%
western - marston red dead redemption
41%
virus - racoon resident evil
41%
scorpion - tournoi mortal kombat
38%
latin - lame assassin's creed
33%
hado - combat street fighter
33%
nucleaire - 101 fallout
31%
simulation - humain les sims
30%
thu'um - sombrage skyrim
29%
siciliens - 40's mafia
28%
tournesol - zombie plantes vs zombies
26%
japon - mafia yakuza
24%
blitzball - chimeres final fantasy X
22%
materia - masamune final fantasy 7
20%
ocean - ville bioshock
19%
espace - charon mass effect
15%
iran - monarchie prince of persia
15%
carte - mana magic the gathering
14%
dragon - bioware dragon age
13%
mars - faction red faction
13%
stase - ishimura dead space
11%
sourire - projecteur batman
10%
pandore - arche borderlands
10%
"paradis" - courses burnout paradise
10%
"war" - "death" darksiders
10%
electrique - zeke infamous
9%
chine - taupe sleeping dogs
9%
austin - pandemie the last of us
9%
metal - riggs brutal legend
4%
"douleur" - saut pain
4%
tablature - corde rocksmith
4%
guerre - noires call of duty black ops
3%
chimeres - guerre resistance
2%
seraphin - ancaria sacred
2%
rubi - "humide" wet
2%
jack slate - dead dead to rights retribution
1%
boule - cochonnet obut petanque
1%
livre - sortileges wonderbook
1%
chasse - hostile cabela's dangerous hunts
0%
caddoc - e'lara hunted the demon forge
0%
matou - zinzin little deviants
0%
Aucun quiz correspondant
Distribution des résultats
% des personnes avec chaque résultat
Percentile par nombre de réponses
Votre historique - résultats
Vous n’avez pas pris ce quiz depuis la dernière actualisation